6th Report of the karnataka administrative reforms commision-two (Record no. 525300)

000 -LEADER
fixed length control field 00271nam a2200097 4500
082 ## - DEWEY DECIMAL CLASSIFICATION NUMBER
Classification number I5135x5444 AR/6
100 ## - MAIN ENTRY--PERSONAL NAME
Personal name Government of Karnataka
9 (RLIN) 37700
245 ## - TITLE STATEMENT
Title 6th Report of the karnataka administrative reforms commision-two
260 ## - PUBLICATION, DISTRIBUTION, ETC. (IMPRINT)
Place of publication, distribution, etc Bengaluru
Date of publication, distribution, etc 2023
300 ## - PHYSICAL DESCRIPTION
Extent 254p.
Holdings
Withdrawn status Lost status Source of classification or shelving scheme Damaged status Koha normalized classification for sorting Not for loan Permanent location Current location Date acquired Full call number Barcode Date last seen Price effective from Koha item type
        I_5135X5444_AR_6_000000000000000   Indian Institute of Public Administration Indian Institute of Public Administration 2024-02-22 I5135x5444 AR/6 gg35076 2024-02-22 2024-02-22 GG
        I_5135X5444_AR_6_000000000000000   Indian Institute of Public Administration Indian Institute of Public Administration 2024-02-22 I5135x5444 AR/6 gg35077 2024-02-22 2024-02-22 GG

Powered by Koha